|
|
|
|
| LEADER |
00000nam0a2200000 4500 |
| 001 |
32068 |
| 005 |
20231101210056.0 |
| 035 |
|
|
|a (RuTPU)RU\TPU\book\32363
|
| 035 |
|
|
|a BOOK00000442
|
| 090 |
|
|
|a 32068
|
| 100 |
|
|
|a 20011210d1976 km y0rusy50 ca
|
| 101 |
0 |
|
|a rus
|
| 102 |
|
|
|a RU
|
| 105 |
|
|
|a y a 000zb
|
| 200 |
1 |
|
|a Иван Дмитриевич Кутявин
|e биобиблиографический указатель
|f Томский политехнический институт ; Научно-техническая библиотека ; сост. Г. М. Петровская ; под ред. П. Т. Анохин
|
| 210 |
|
|
|a Томск
|c [Б. и.]
|d 1976
|
| 215 |
|
|
|a 17 л.
|
| 225 |
1 |
|
|a Биобиблиография ученых ТПИ
|
| 600 |
|
1 |
|a Кутявин
|b И. Д.
|c российский ученый, электроэнергетик
|c профессор Томского политехнического института
|f 1906-
|g Иван Дмитриевич
|y Томск
|2 stltpush
|3 (RuTPU)RU\TPU\pers\14031
|9 4514
|
| 601 |
0 |
2 |
|a Томский политехнический институт (ТПИ)
|c (1944-1991)
|2 stltpush
|3 (RuTPU)RU\TPU\col\1123
|
| 606 |
1 |
|
|a Электроэнергетика
|2 stltpush
|3 (RuTPU)RU\TPU\subj\21036
|9 46086
|
| 606 |
1 |
|
|a Библиографические пособия
|x Отраслевые
|2 stltpush
|3 (RuTPU)RU\TPU\subj\28539
|9 52057
|
| 610 |
1 |
|
|a электротехника теоретическая
|
| 610 |
1 |
|
|a биографии
|
| 610 |
1 |
|
|a биобиблиографии
|
| 610 |
1 |
|
|a история
|
| 610 |
1 |
|
|a электрические станции
|
| 610 |
1 |
|
|a Коллекция История ТПУ
|
| 675 |
|
|
|a 621.31
|v 3
|
| 686 |
|
|
|a Я19
|v LBC/SL-A
|2 rubbk
|
| 702 |
|
1 |
|a Петровская
|b Г. М.
|g Галина Марьяновна
|4 220
|
| 702 |
|
1 |
|a Анохин
|b П. Т.
|4 340
|
| 712 |
0 |
2 |
|a Томский политехнический институт (ТПИ)
|b Научно-техническая библиотека (НТБ)
|2 stltpush
|3 (RuTPU)RU\TPU\col\15104
|
| 801 |
|
0 |
|a RU
|b 63413507
|c 20011210
|g PSBO
|
| 801 |
|
2 |
|a RU
|b 63413507
|c 20210126
|g PSBO
|
| 942 |
|
|
|c BK
|